| Tag |
First Indicator |
Second Indicator |
Subfields |
| LEADER |
00000nam a2200000 4500 |
| 001 |
in00004226813 |
| 005 |
20200806095234.0 |
| 006 |
m g d |
| 007 |
cr bn |||a|bb| |
| 008 |
901206s1586 enk o 00| | eng d |
| 035 |
|
|
|a (UnM)99839299
|
| 037 |
|
|
|a CL0036000015
|b ProQuest. 789 E. Eisenhower Parkway, Ann Arbor, MI 48108-3218
|
| 040 |
|
|
|a Cu-RivES
|c Cu-RivES
|d CStRLIN
|e dcrb
|d WaOLN
|
| 100 |
1 |
|
|a Mornay, Philippe de,
|c seigneur du Plessis-Marly,
|d 1549-1623.
|
| 240 |
1 |
0 |
|a Discours sur le droit prétendu par ceux de Guise sur la couronne de France.
|l English.
|
| 245 |
1 |
2 |
|a A necessary discourse concerning the right which the house of Guyze pretendeth to the crowne of France. Faithfully translated out of the French
|
| 260 |
|
|
|a At London :
|b Imprinted [by G. Robinson] for Edward Aggas,
|c 1586.
|
| 300 |
|
|
|a 1 online resource ([24] pages)
|
| 336 |
|
|
|a text
|b txt
|2 rdacontent
|
| 337 |
|
|
|a computer
|b c
|2 rdamedia
|
| 338 |
|
|
|a online resource
|b cr
|2 rdacarrier
|
| 500 |
|
|
|a A translation (by Edward Aggas?) of: Mornay, Philippe de. Discours sur le droit prétendu par ceux de Guise sur la couronne de France.
|
| 500 |
|
|
|a Based on: Rosières, François de. Stemmatum Lotharingiae ac Barri.
|
| 500 |
|
|
|a Printer's name from STC.
|
| 500 |
|
|
|a Signatures: A B⁴.
|
| 500 |
|
|
|a Reproduction of the original in Cambridge University Library.
|
| 510 |
4 |
|
|a STC (2nd edition)
|c 12508.
|
| 533 |
|
|
|a Electronic reproduction.
|b Ann Arbor, Mich. :
|c UMI,
|d 1999-
|f (Early English books online)
|n Digital version of: (Early English books, 1475-1640 ; 511:01)
|7 s1999 miun s
|
| 600 |
3 |
0 |
|a Guise, House of
|v Early works to 1800.
|
| 650 |
|
0 |
|a Monarchy
|z France
|v Early works to 1800.
|
| 700 |
1 |
|
|a Aggas, Edward.
|
| 700 |
1 |
|
|a Rosières, François de,
|d 1534-1607.
|t Stemmatum Lotharingiae ac Barri.
|
| 730 |
0 |
|
|a Stemmatum Lotharingiae ac Barri.
|
| 830 |
|
0 |
|a Early English books online.
|
| 856 |
4 |
0 |
|u http://proxy.library.tamu.edu/login?url=https://search.proquest.com/docview/2240896989
|z Connect to the full text of this electronic book
|t 0
|
| 999 |
f |
f |
|s 1226a1ba-3261-3a7c-896f-69f9274e10a1
|i c098c7f3-c194-3c9a-9cb9-ffa4e0102b2d
|t 0
|
| 952 |
f |
f |
|a Texas A&M University
|b College Station
|c Electronic Resources
|d Available Online
|t 0
|h No information provided
|
| 998 |
f |
f |
|t 0
|l Available Online
|